000 00262nam a22001217a 4500
082 _a823
_bBHA/R
100 _aBHANOT, T R
245 _aRAMAYANA IV - AYODHYA EPISODE
260 _aDELHI
_bDREAMLAND
300 _a24
650 _aENGLISH STORY
_zINDIA
942 _cBK
999 _c7474
_d7474